Nursing IV : (Record no. 8121)
[ view plain ]
| 000 -LEADER | |
|---|---|
| fixed length control field | 00659nam a22002177a 4500 |
| 003 - CONTROL NUMBER IDENTIFIER | |
| control field | OSt |
| 005 - DATE AND TIME OF LATEST TRANSACTION | |
| control field | 20260202064851.0 |
| 008 - FIXED-LENGTH DATA ELEMENTS--GENERAL INFORMATION | |
| fixed length control field | 260202b |||||||| |||| 00| 0 eng d |
| 020 ## - INTERNATIONAL STANDARD BOOK NUMBER | |
| International Standard Book Number | 1-58255-064-6 |
| 040 ## - CATALOGING SOURCE | |
| Original cataloging agency | DWC-Main lib. |
| Transcribing agency | OC |
| 082 ## - DEWEY DECIMAL CLASSIFICATION NUMBER | |
| Edition number | 7th ed. |
| Classification number | Circ. 615.1 N938 2001 |
| 100 ## - MAIN ENTRY--PERSONAL NAME | |
| Personal name | Doyle, Rita M. |
| 245 ## - TITLE STATEMENT | |
| Title | Nursing IV : |
| Remainder of title | drug handbook/ |
| Statement of responsibility, etc. | Rita M. Doyle |
| 250 ## - EDITION STATEMENT | |
| Edition statement | 7th ed. |
| 260 ## - PUBLICATION, DISTRIBUTION, ETC. | |
| Place of publication, distribution, etc. | Pennsylvania : |
| Name of publisher, distributor, etc. | Spring House corp., |
| Date of publication, distribution, etc. | c2001 |
| 300 ## - PHYSICAL DESCRIPTION | |
| Extent | viii, 786 p. ; |
| Dimensions | 19 cm. |
| 504 ## - BIBLIOGRAPHY, ETC. NOTE | |
| Bibliography, etc. note | Includes index<br/> |
| 650 ## - SUBJECT ADDED ENTRY--TOPICAL TERM | |
| Topical term or geographic name entry element | 1. Drugs - Handboooks |
| 650 ## - SUBJECT ADDED ENTRY--TOPICAL TERM | |
| Topical term or geographic name entry element | 2. Nursing - Handbooks, manuals, etc. |
| 942 ## - ADDED ENTRY ELEMENTS (KOHA) | |
| Source of classification or shelving scheme | Dewey Decimal Classification |
| Koha item type | Book Circulation |
| Edition | 7th ed. |
| Classification part | Circ. |
| Suppress in OPAC | No |
| 952 ## - LOCATION AND ITEM INFORMATION (KOHA) | |
| -- | |
| 952 ## - LOCATION AND ITEM INFORMATION (KOHA) | |
| -- | |
| 952 ## - LOCATION AND ITEM INFORMATION (KOHA) | |
| -- | |
| Withdrawn status | Lost status | Source of classification or shelving scheme | Damaged status | Not for loan | Home library | Current library | Shelving location | Date acquired | Source of acquisition | Cost, normal purchase price | Total Checkouts | Full call number | Barcode | Date last seen | Copy number | Price effective from | Koha item type | Uniform Resource Identifier |
|---|---|---|---|---|---|---|---|---|---|---|---|---|---|---|---|---|---|---|
| Dewey Decimal Classification | College Library | HM & Nursing Library | Circulation | 07/28/2004 | School Fund | 0.00 | Circ. 615.1 N938 2001 | CL40721 | 02/02/2026 | c3 | 02/02/2026 | BK-CIRC | ||||||
| Dewey Decimal Classification | College Library | HM & Nursing Library | Circulation | 07/28/2004 | School Fund | 0.00 | Circ. 615.1 N938 2001 | CL40720 | 02/02/2026 | c2 | 02/02/2026 | BK-CIRC | ||||||
| Dewey Decimal Classification | College Library | HM & Nursing Library | Circulation | 07/28/2004 | School Fund | 0.00 | Circ. 615.1 N938 2001 | CL40719 | 02/02/2026 | c1 | 02/02/2026 | BK-CIRC |